000 00295nam a2200109Ia 4500
008 171211s9999 xx 000 0 und d
245 _aDrupal User's Guide
245 _cEmma Jane Hogbin
260 _c2011
650 _xWeb Development
856 _uhttp://down.ebook777.com/012/9780137041299.pdf
999 _c350076
_d350076